000
00346nam a2200145 a 4500
008
191022s2019|||| d
100
1
_a
Nuska Bohumil
245
1
0
_a
Rytmus, Tvorba, Divadlo III.diel
250
_a
1.vydanie
260
_b
Serifa
_a
Praha
_c
2019
300
_a
313s.
020
_a
9788086102788
_c
8,88
041
_a
cze
044
_a
CZ
999
_c
21042
_d
21042